000 00464cam a2200181ua 4500
001 12192
008 200303n ii |||gr||||Z||||||eng
020 _a9788120810860
040 _cMAIN
082 _a100
100 _aM Hiriyanna,
_eAuthor.
245 _aOutlines of indian philosophy
_cBy M Hiriyanna
250 _a5th rep.
260 _aDelhi:
_bMotilal banarsidass publishers,
_c2014.
300 _a419p.
653 _aPhilosophy & psychology
942 _cBK
999 _c10952
_d10952